000 03653cam a2200349 4500500
005 20251228064831.0
041 _afre
042 _adc
100 1 0 _aGrosjean, Frédéric
_eauthor
245 0 0 _aLa diffusion du football en Franche-Comté : la spatialisation du cycle de vie d'un service sportif
260 _c2005.
500 _a55
520 _aRésumé Cet article a pour objectif de montrer, sous l'angle de la géographie, comment le football, activité sportive peu développée au début du XXe siècle, est devenu un élément considérable dans la vie quotidienne des individus. Illustrée par l'exemple de la région Franche-Comté (1 100 000 habitants), cette contribution vise à spatialiser le cycle de vie de cette discipline sportive (introduction sur le territoire, croissance puis saturation). Les recherches, résolument géographiques, placent ainsi le football dans sa dimension territoriale.
520 _aThis paper has to goal purpose to show, in geography topic, how football, as sport few developed in the beginning of the 20th century, became an important element of quotidian life of people. Illustrated by the example of Franche-Comté country (1 100 000 people), this contribution attempts to mapped cycle of life of that sport (introduction in the area, development and saturation). Researches, resolutely geographical, placed so football in its territorial dimension.
520 _aRESUMEN Este artículo tiene como objetivo mostrar bajo el ángulo de la geografía, como el fútbol, actividad deportiva poco desarrollada a principios del siglo XX, se transformó en un elemento considerable en la vida cotidiana de los individuos. Ilustrada por el ejemplo de la región Franche-Comté (1 100 000 habitantes), esta contribución busca especializar el ciclo de vida de esta disciplina deportiva. (Introducción sobre el territorio, crecimiento y luego saturación). Las investigaciones, decididamente geográficas, sitúan el fútbol en su dimensión territorial.
520 _aZUSAMMENFASSUNG Das Ziel dieses Artikels ist es, aus der Perspektive der Geographie zu zeigen, wie der Fußball, eine zu Beginn des 20. Jahrhunderts wenig entwickelte sportliche Aktivität, zum einem bedeutenden Element im Alltag der Menschen geworden ist. Am Beispiel der Region Franche-Comté (1 100 000 Einwohner) will dieser Beitrag den Lebenszyklus dieser Sportart räumlich darstellen (Einführung in der Gegend, Wachstum und dann Sättigung). Die geographischen Untersuchungen platzieren so den Fußball in seine territoriale Dimension.
520 _aRIASSUNTO Quest’articolo ha per obiettivo di mostrare, sotto l’angolazione della geografia, come il football, attività sportiva poco sviluppata all’inizio del XX secolo, sia diventato un elemento considerevole nella vita quotidiana degli individui. Illustra, con l’esempio della regione Franche-Comté (1.100.000 abitanti), come questo contributo mira a spazializzare il ciclo di vita di questa disciplina sportiva (introduzione sul territorio, crescita e poi saturazione). Le ricerche, risolutamente geografiche, mettono così il football nella sua dimensione territoriale.
690 _acycle de vie
690 _adiffusion spatiale
690 _aé
690 _aéographie
690 _afootball
690 _ainnovation
690 _acycle of life
690 _aé
690 _afootball
690 _ageography
690 _ainnovation
690 _aspatial diffusion
786 0 _nStaps | 68 | 2 | 2005-06-01 | p. 41-54 | 0247-106X
856 4 1 _uhttps://shs.cairn.info/revue-staps-2005-2-page-41?lang=fr&redirect-ssocas=7080
999 _c1590250
_d1590250